书目信息 |
| 书名: | Classical mythology | |
| 作者: | Stephen L. Harris, Gloria Platzner. | |
| 分册号: | ||
| 分册名: | 出版地: | Mountain View, Calif. : |
|
| 出版社: | Mayfield Pub. Co | |
| 出版时间: | 2001. | |
| 页数: | xviii, 1086 p. : | |
| 开本: | 24 cm. | |
| 丛书名: | ||
| 中图分类号: | ||
| 科图分类号: | ||
| 其他分类号: | B932 | |
| 主题词: | ||
| 电子资源: | http://www.loc.gov/catdir/description/mh024/99086727.html http://www.loc.gov/catdir/toc/mh023/99086727.html | |
| 000 | 01265cam a2200313 a 450 | |
| 001 | E0761091382 | |
| 005 | 20070421170547.17 | |
| 008 | 991217s2000 cauab b 001 0 eng | |
| 010 | @a99086727 | |
| 020 | @a0767415493. | |
| 040 | @aDLC@cDLC@dDLC-R@dDLC | |
| 043 | @ae------@aaw-----@aff----- | |
| 050 | 00 | @aBL722@b.H38 2001 |
| 082 | 00 | @a292.1/3@2 21 |
| 090 | @aB932 | |
| 099 | @dB932@ex7=3 | |
| 100 | 1 | @aHarris, Stephen L.,@d1937- |
| 245 | 10 | @aClassical mythology :@bimages and insights / @cStephen L. Harris, Gloria Platzner. |
| 250 | @a3rd ed. | |
| 260 | @aMountain View, Calif. :@bMayfield Pub. Co.,@c2001. | |
| 300 | @axviii, 1086 p. :@bill. (some col.), map ;@c24 cm. | |
| 504 | @aIncludes bibliographical references (p. 1053-1062) and index. | |
| 650 | 0 | @aMythology, Classical. |
| 700 | 1 | @aPlatzner, Gloria. |
| 856 | 42 | @3 Publisher description@uhttp://www.loc.gov/catdir/description/mh024/99086727.html |
| 856 | 41 | @3 Table of contents@uhttp://www.loc.gov/catdir/toc/mh023/99086727.html |
| 906 | @a7@bcbc@corignew@d1@eocip@f19@gy-gencatlg | |
| 925 | 0 | @aAcquire@b2 shelf copies@xpolicy default |
| 955 | @ato SSCD pv08 12-17-99; sh18 12-21-99; sh41 12-23-99; sh42 to Dewey 12-27-99;aa03 12-28-99; CIP Ver. yb40 10-11-00 to BCCD | |
| Classical mythology : : images and insights / / Stephen L. Harris, Gloria Platzner.-3rd ed.-Mountain View, Calif. : : Mayfield Pub. Co., , 2001. |
| xviii, 1086 p. : : ill. (some col.), map ; ; 24 cm. |
| Includes bibliographical references (p. 1053-1062) and index. |
| ISBN 0767415493. |
| ● |
| 相关链接 |
|
|
|
|
正题名:Classical mythology
索取号:B932/x7=3
 
预约/预借
| 序号 | 登录号 | 条形码 | 馆藏地/架位号 | 状态 | 备注 |
| 1 | 0004428 | 300044280 | 第二样本阅览室/ [索取号:B932/x7=3] | 在馆 | |
| 2 | 0004429 | 300044299 | 第四借阅区/ [索取号:B932/x7=3] | 在馆 | |
| 3 | 0004430 | 300044306 | 第四借阅区/ [索取号:B932/x7=3] | 在馆 |